000 00637nam a2200265Ia 4500
005 20260324153042.0
008 008 260324s9999 xx 000 0 eng d
020 _a9780128110942
037 _aEBOOK
040 _aCRL
040 _beng
040 _cCRL
041 _2eng
041 _aeng
084 _qCRL
100 _aAslanov, Vladimir
_91230450
245 0 _aRigid Body Dynamics for Space Applications
260 _bElsevier
260 _c2017
650 _aEngineering
856 _uhttps://www.sciencedirect.com/science/book/9780128110942
942 _cEBOOK
999 _c1841613
_d1841613